| 000 | 00442nam a2200181Ia 4500 | ||
|---|---|---|---|
| 001 | 23684 | ||
| 005 | 20260414150953.0 | ||
| 008 | 260414t2015||||xx |||||||||||||| ||spa|| | ||
| 041 | _aESP | ||
| 082 |
_a690.068 _bM581 |
||
| 100 |
_aMubarak, Saleh _eAUT |
||
| 245 | 0 |
_aConstruction project scheduling and control _b |
|
| 260 | _c2015 | ||
| 300 |
_axv, 512 páginas : _c24 cm. |
||
| 650 | _a0 | ||
| 654 | _aCIC | ||
| 942 |
_cLIB _dJUS _fJUS _2ddc _n |
||
| 999 |
_c23684 _d23684 |
||